Monument : Le Pont Charles - Statistiques

Statistiques générales
  • Ce quiz a été pris 12 fois
  • Le résultat moyen est 9 sur 20
Statistiques - réponses
Question Réponse % Correct
Le pont Charles se trouve en Tchéquie
100%
Le pont Charles se trouve plus précisément à Prague
100%
Le pont Charles apparait dans la série Dragons et Princesses
75%
Le pont Charles est protégé d'un côté par une tour gothique
75%
Le pont Charles est orné de statues. La plus ancienne, celle de Jean Népomucène a été installée à l'initiative des Jésuites
75%
Le pont Charles franchit... la Vltava
75%
Il relie le quartier de la vieille ville à celui de Mala Strana
75%
La statue de St Joseph sur le pont Charles est accompagnée de l'enfant Jésus
50%
Le pont Charles doit son nom à Charles qui portait trois de ces titres, quel est l'intrus ? Empereur d'Autriche
50%
Le pont Charles remplace le pont Judith qui avait été détruit par... une crue
50%
Le pont Charles a été construit au XIVe siècle
50%
Le pont Charles attire chaque jour environ 30000 touristes
25%
Qu'est ce qui est exact concernant le pont Charles ? il a été appelé Pont Charles en 1870
25%
Le pont Charles apparait sur la pièce de 50 couronnes
25%
Le pont qui a servi de modèle au pont Charles quant on l'orne de statues est le pont Saint-Ange à Rome
25%
Ce saint breton est une des statues du pont Charles Yves
25%
Le pont Charles a été construit en 45 ans
0%
Selon la légende Jean Népomucène... aurait été martyrisé sur pont Charles
0%
La statue de St François d'Assises est entourée de deux anges
0%
Au pied de la statue de St Guy on peut voir des lions
0%
Aucun quiz correspondant
Distribution des résultats
% des personnes avec chaque résultat
Percentile par nombre de réponses
Votre historique - résultats
Vous n’avez pas pris ce quiz